Five Richest Countries by Continent with Exceptions - Statistics

General Stats
  • This quiz has been taken 1,995 times
  • The average score is 16 of 30
Answer Stats
Continent GDP per Capita Country % Correct
North America $45,900 Canada
73%
Europe $47,400 Germany
71%
Oceania $36,400 New Zealand
69%
South America $22,400 Argentina
68%
South America $23,800 Chile
68%
Oceania $8,800 Fiji
65%
Asia $38,200 Japan
65%
South America $21,800 Uruguay
65%
Europe $48,000 Sweden
64%
Asia $36,700 South Korea
59%
South America $16,700 Suriname
58%
North America $25,600 Bahamas
56%
Oceania $5,400 Samoa
55%
South America $16,100 Venezuela
55%
Oceania $14,800 Nauru
54%
Oceania $14,800 Palau
54%
Europe $47,500 Austria
52%
Europe $49,300 Netherlands
52%
Africa $27,000 Seychelles
50%
Africa $19,500 Mauritius
48%
Asia $47,500 Taiwan
48%
North America $22,800 Saint Kitts and Nevis
46%
North America $32,800 Trinidad and Tobago
46%
Europe $46,600 Iceland
42%
North America $23,700 Antigua and Barbuda
40%
Asia $34,300 Israel
38%
Africa $17,700 Botswana
36%
Africa $33,300 Equatorial Guinea
29%
Africa $21,700 Gabon
27%
Asia $32,800 Cyprus
21%
No matching quizzes found
Score Distribution
Percent of People with Each Score
Percentile by Number Answered
Your Score History
You have not taken this quiz